| 000 -LEADER |
| fixed length control field |
00591nam a22002057a 4500 |
| 001 - CONTROL NUMBER |
| control field |
22626 |
| 003 - CONTROL NUMBER IDENTIFIER |
| control field |
BD-DhUAP |
| 005 - DATE AND TIME OF LATEST TRANSACTION |
| control field |
20250304152338.0 |
| 008 - FIXED-LENGTH DATA ELEMENTS--GENERAL INFORMATION |
| fixed length control field |
250304b20122024bg d|||| |||| 00| 0beng d |
| 020 ## - INTERNATIONAL STANDARD BOOK NUMBER |
| International Standard Book Number |
9789849500360 |
| 040 ## - CATALOGING SOURCE |
| Original cataloging agency |
BD-DhDIU |
| Language of cataloging |
eng |
| Transcribing agency |
BD-DhDIU |
| Modifying agency |
BD-DhUAP |
| 082 ## - DEWEY DECIMAL CLASSIFICATION NUMBER |
| Edition number |
23 |
| Classification number |
349.42 HAL |
| 100 ## - MAIN ENTRY--PERSONAL NAME |
| Personal name |
Abdu Halim, Md. |
| 245 ## - TITLE STATEMENT |
| Title |
Law and legal English : |
| Remainder of title |
an understanding on legal English and English for law / |
| Statement of responsibility, etc. |
Md. Abdul Halim. |
| 250 ## - EDITION STATEMENT |
| Edition statement |
10th ed. |
| 260 ## - PUBLICATION, DISTRIBUTION, ETC. |
| Place of publication, distribution, etc. |
Dhaka : |
| Name of publisher, distributor, etc. |
Beacon Publications |
| Date of publication, distribution, etc. |
2024. |
| 650 ## - SUBJECT ADDED ENTRY--TOPICAL TERM |
| Topical term or geographic name entry element |
law |
| 700 ## - ADDED ENTRY--PERSONAL NAME |
| Personal name |
Mehtab, Farhana Helal |
| 942 ## - ADDED ENTRY ELEMENTS (KOHA) |
| Source of classification or shelving scheme |
|
| Koha item type |
Book |